Strife begins at 50 (Record no. 72911)

MARC details
000 -LEADER
fixed length control field 01085cam a2200205 4500
001 - CONTROL NUMBER
control field ABS66815
008 - FIXED-LENGTH DATA ELEMENTS--GENERAL INFORMATION
fixed length control field 030625n2003 000 0 eng u
035 ## - SYSTEM CONTROL NUMBER
System control number (Sirsi) u122727
100 ## - MAIN ENTRY--PERSONAL NAME
Personal name Hughes, J.
245 ## - TITLE STATEMENT
Title Strife begins at 50
260 ## - PUBLICATION, DISTRIBUTION, ETC.
Date of publication, distribution, etc. 2003
490 ## - SERIES STATEMENT
Series statement Housing Today
Volume/sequential designation (333) 16 May 2003, 16-17(2)
520 ## - SUMMARY, ETC.
Summary, etc. Examines how London local authorities are measuring up to the high affordable housing quota for all major new housing developments demanded in the draft London Plan. The plan sets borough-by-borough affordable housing targets ranging from 35% to 50% and a London-wide minimum of 23 000 new homes to be built each year with at least 50% of them within reach of those with incomes between £15 000 and £30 000. Table gives council-by-council proposed plans for meeting the target. The final version of the London Plan will be published at the end of 2003 after an independent feasibility study and ODPM scrutiny.
590 ## - LOCAL NOTE (RLIN)
Local note ABS
650 ## - SUBJECT ADDED ENTRY--TOPICAL TERM
Topical term or geographic name entry element NEW HOUSING
650 ## - SUBJECT ADDED ENTRY--TOPICAL TERM
Topical term or geographic name entry element LONDON PLAN
650 ## - SUBJECT ADDED ENTRY--TOPICAL TERM
Topical term or geographic name entry element LONDON
690 ## - LOCAL SUBJECT ADDED ENTRY--TOPICAL TERM (OCLC, RLIN)
Topical term or geographic name as entry element HOUSING-DEVELOPMENT
942 ## - ADDED ENTRY ELEMENTS (KOHA)
Suppress in OPAC 0
Holdings
Withdrawn status Lost status Source of classification or shelving scheme Damaged status Not for loan Home library Current library Shelving location Date acquired Total Checkouts Full call number Barcode Date last seen Copy number Price effective from Koha item type
    Dewey Decimal Classification     London London Journal article 25/06/2003   ABS66815 122727-1001 06/08/2019 1 06/08/2019 Journal article